[Event "Tehran Alborz op 1st"]
[Site "Tehran"]
[Date "2014.03.08"]
[Round "4"]
[White "Ghorbani, Mohsen"]
[Black "Maleki, Amir"]
[Result "1-0"]
[WhiteElo "2300"]
[BlackElo "2113"]
[PlyCount "93"]
[EventDate "2014.03.06"]
[EventType "swiss"]
[EventRounds "11"]
[EventCountry "IRI"]
[SourceTitle "CBM 159 Extra"]
[Source "ChessBase"]
[SourceDate "2014.04.24"]
[SourceVersion "1"]
[SourceVersionDate "2014.04.24"]
[SourceQuality "1"]

1. d4 d5 2. Nf3 Nc6 3. c4 e5 4. cxd5 Qxd5 5. Nc3 Bb4 6. Bd2 Bxc3 7. Bxc3 e4 8. Nd2 Nf6 9. e3 0-0 10. Be2 b5 11. a3 a5 12. Nf1 Be6 13. Ng3 b4 14. Bd2 bxa3 15. bxa3 Qd6 16. Qc2 Bd5 17. 0-0 Rab8 18. Rfc1 Rb6 19. Qd1 Rfb8 20. Rc5 Nd7 21. Bxa5 R6b7 22. Rxc6 Qxc6 23. Bb4 g6 24. Rc1 Qe6 25. Bf1 Nb6 26. Qc2 Ra7 27. Ne2 Bb3 28. Qc5 Qd5 29. Qe7 Qe6 30. Qc5 Qd5 31. Qe7 Qe6 32. Qc5 Qd5 33. Qc3 Na4 34. Qd2 g5 35. Ng3 Rd8 36. Qe2 h6 37. Qg4 Re8 38. h4 Re6 39. Nf5 Kh7 40. hxg5 Rg6 41. Ne7 Qe6 42. Qh4 c5 43. Nxg6 Qxg6 44. dxc5 Bd5 45. Rd1 Be6 46. c6 Rc7 47. Rd6 1-0

[Event "Hamadan Iran op 11th"]
[Site "Hamadan"]
[Date "2012.07.18"]
[Round "11"]
[White "Hosseinzadeh, Nima"]
[Black "Maleki, Amir"]
[Result "1-0"]
[WhiteElo "2172"]
[BlackElo "2113"]
[PlyCount "89"]
[EventDate "2012.07.11"]
[EventType "swiss"]
[EventRounds "11"]
[EventCountry "IRI"]
[SourceTitle "CBM 149 Extra"]
[Source "ChessBase"]
[SourceDate "2012.08.24"]
[SourceVersion "1"]
[SourceVersionDate "2012.08.24"]
[SourceQuality "1"]

1. e4 e6 2. d4 d5 3. Nd2 Nf6 4. e5 Nfd7 5. Bd3 c5 6. c3 Nc6 7. Ne2 cxd4 8. cxd4 f6 9. exf6 Nxf6 10. 0-0 Bd6 11. Nf3 0-0 12. Bf4 Nh5 13. Bxd6 Qxd6 14. Re1 Rxf3 15. gxf3 Bd7 16. Bb5 Ne7 17. Bxd7 Qxd7 18. Qd2 Rf8 19. Qe3 Ng6 20. Kh1 Qf7 21. Rac1 Nh4 22. Rc3 Nxf3 23. Rec1 Qf5 24. Ng1 Nxg1 25. Rxg1 Nf4 26. Rc7 g6 27. Qe5 Qxe5 28. dxe5 Nd3 29. Rxb7 Rxf2 30. Rd1 Nxb2 31. Rb1 Nc4 32. Rxa7 Nxe5 33. Kg1 Rf8 34. Rbb7 Nf3+ 35. Kh1 Rb8 36. Rg7+ Kh8 37. Rxh7+ Kg8 38. Rhg7+ Kh8 39. Rh7+ Kg8 40. Rag7+ Kf8 41. Rh8+ Kxg7 42. Rxb8 Kf7 43. a4 Ke7 44. a5 Kd7 45. Rf8 1-0

[Event "Hamadan Iran op 11th"]
[Site "Hamadan"]
[Date "2012.07.17"]
[Round "10"]
[White "Maleki, Amir"]
[Black "Atanejhad, Sahebali"]
[Result "1-0"]
[WhiteElo "2113"]
[BlackElo "2190"]
[PlyCount "67"]
[EventDate "2012.07.11"]
[EventType "swiss"]
[EventRounds "11"]
[EventCountry "IRI"]
[SourceTitle "CBM 149 Extra"]
[Source "ChessBase"]
[SourceDate "2012.08.24"]
[SourceVersion "1"]
[SourceVersionDate "2012.08.24"]
[SourceQuality "1"]

1. e4 e5 2. Nf3 Nc6 3. Bb5 a6 4. Ba4 Nf6 5. 0-0 Be7 6. Re1 b5 7. Bb3 d6 8. c3 0-0 9. h3 Bb7 10. d4 Nb8 11. Nbd2 Nbd7 12. Bc2 Re8 13. Nf1 Bf8 14. Ng3 g6 15. b3 Bg7 16. d5 Rc8 17. Bg5 c6 18. c4 bxc4 19. bxc4 cxd5 20. cxd5 h6 21. Be3 Nc5 22. Qd2 Kh7 23. Rab1 Nfd7 24. Rec1 Rf8 25. Ne1 Ba8 26. Nd3 h5 27. Nxc5 Nxc5 28. Bd3 a5 29. Rb5 Nxd3 30. Rxc8 Qxc8 31. Qxd3 f5 32. exf5 gxf5 33. Nxh5 Bh8 34. Rxa5 1-0

[Event "Asia-ch U18"]
[Site "Tehran"]
[Date "2008.07.18"]
[Round "4"]
[White "Maleki, Amir"]
[Black "Salih, Akar Ali Salih"]
[Result "1-0"]
[WhiteElo "2086"]
[BlackElo "2025"]
[PlyCount "31"]
[EventDate "2008.07.16"]
[EventType "swiss"]
[EventRounds "7"]
[EventCountry "IRI"]
[SourceTitle "CBM 125 Extra"]
[Source "ChessBase"]
[SourceDate "2008.09.01"]
[SourceVersion "1"]
[SourceVersionDate "2008.09.01"]
[SourceQuality "1"]

1. e4 e5 2. Nf3 Nf6 3. Nxe5 d6 4. Nf3 Nxe4 5. Nc3 Nxc3 6. dxc3 Be7 7. Be3 Nc6 8. Qd2 Be6 9. Nd4 Qd7 10. Be2 Bg4 11. Nxc6 Qxc6 12. 0-0 h5 13. a4 Bxe2 14. Qxe2 Rf8 15. Rfe1 Bf6 16. Bd4+ 1-0

[Event "Asia-ch U18"]
[Site "Tehran"]
[Date "2008.07.17"]
[Round "2"]
[White "Maleki, Amir"]
[Black "Marwan, Abdulwahab"]
[Result "0-1"]
[WhiteElo "2086"]
[BlackElo "2078"]
[PlyCount "100"]
[EventDate "2008.07.16"]
[EventType "swiss"]
[EventRounds "7"]
[EventCountry "IRI"]
[SourceTitle "CBM 125 Extra"]
[Source "ChessBase"]
[SourceDate "2008.09.01"]
[SourceVersion "1"]
[SourceVersionDate "2008.09.01"]
[SourceQuality "1"]

1. e4 c5 2. Nc3 Nc6 3. g3 g6 4. Bg2 Bg7 5. d3 d6 6. Be3 Rb8 7. Qd2 b5 8. Nge2 Nd4 9. 0-0 e6 10. Nd1 Nxe2+ 11. Qxe2 Ne7 12. c3 0-0 13. f4 Qc7 14. Qc2 Bb7 15. g4 f5 16. h3 Rbc8 17. Qe2 c4 18. Nf2 h6 19. d4 Rfe8 20. Rae1 Qb8 21. Bd2 e5 22. dxe5 dxe5 23. Nh1 fxe4 24. Bxe4 Nd5 25. f5 gxf5 26. gxf5 Kh8 27. Qf3 Bf6 28. Nf2 Rcd8 29. Rd1 Ba8 30. Kh1 Nf4 31. Be3 Nd3 32. Nxd3 Rxd3 33. Rg1 Bxe4 34. Qxe4 Qa8 35. Qxa8 Rxa8 36. Rde1 Rg8 37. Rg4 h5 38. Rxg8+ Kxg8 39. Kg2 Bh4 40. Re2 Kf7 41. Bg1 a6 42. Bb6 Kf6 43. Bf2 Bxf2 44. Rxf2 h4 45. a3 Rg3+ 46. Kh2 Rg5 47. Rd2 Kxf5 48. Rd6 Rg3 49. Rd8 e4 50. Rf8+ Ke5 0-1

[Event "Asia-ch U18"]
[Site "Tehran"]
[Date "2008.07.17"]
[Round "3"]
[White "Pradeep, Kumar RA"]
[Black "Maleki, Amir"]
[Result "1-0"]
[WhiteElo "2250"]
[BlackElo "2086"]
[PlyCount "105"]
[EventDate "2008.07.16"]
[EventType "swiss"]
[EventRounds "7"]
[EventCountry "IRI"]
[SourceTitle "CBM 125 Extra"]
[Source "ChessBase"]
[SourceDate "2008.09.01"]
[SourceVersion "1"]
[SourceVersionDate "2008.09.01"]
[SourceQuality "1"]

1. Nf3 Nf6 2. c4 g6 3. Nc3 d6 4. d4 Bg7 5. Bf4 0-0 6. e3 Nbd7 7. Be2 c6 8. h3 Re8 9. 0-0 Qa5 10. a3 e5 11. Bh2 exd4 12. exd4 d5 13. b4 Qd8 14. Rc1 dxc4 15. Bxc4 Nb6 16. Bb3 Be6 17. b5 Rc8 18. bxc6 Rxc6 19. Ne5 Bxb3 20. Qxb3 Nfd5 21. Na4 Rxc1 22. Rxc1 Nxa4 23. Qxa4 Nb6 24. Qb5 Rf8 25. Qb4 Re8 26. a4 Bf8 27. Qb5 Re6 28. a5 Qd5 29. Rb1 Qxd4 30. axb6 Rxb6 31. Qf1 Rxb1 32. Qxb1 Bd6 33. Qe1 b5 34. Bg3 Bf8 35. Ng4 Bd6 36. Bh4 Kf8 37. Bf6 Qc4 38. Ba1 h5 39. Nf6 Qc8 40. Qd2 Qe6 41. Nd5 a6 42. Bc3 Qf5 43. Qd1 Qd7 44. Nf6 Qe6 45. Ne4 Be7 46. Qd4 f5 47. Nc5 Bxc5 48. Qxc5+ Kf7 49. Bb4 Qe4 50. Bc3 Qe6 51. g3 Qd7 52. Qe5 Qc6 53. h4 1-0